| 000 | 00503nam a2200169 4500 | ||
|---|---|---|---|
| 001 | 110032 | ||
| 003 | ES-MaACL | ||
| 005 | 20230906184950.0 | ||
| 007 | t| | ||
| 008 | 061121s1934 sp r ||||1| spa d | ||
| 100 | 1 |
_aObregón, Antonio de, _d1910-1985 _986423 |
|
| 245 | 1 | 0 |
_aHermes en la vía pública _b: novela de aventuras actuales / _cAntonio de Obregón. |
| 260 |
_aMadrid : _bEspasa Calpe, _c1934. |
||
| 300 |
_a231 p. ; _c20 cm. |
||
| 852 |
_aES-MaACL _jA-1995 |
||
| 999 |
_c110032 _d110032 |
||